LEADER 01739nam 2200409 n 450 001 996391816703316 005 20200824121723.0 035 $a(CKB)4940000000109904 035 $a(EEBO)2240905340 035 $a(UnM)99865856e 035 $a(UnM)99865856 035 $a(EXLCZ)994940000000109904 100 $a19940308d1657 uy | 101 0 $aeng 135 $aurbn||||a|bb| 200 12$aA sermon pressing to, and directing in, that great duty of praising God$b[electronic resource] $ePreached to the Parliament at Westminster, Octob: 8. 1656. Being the day of their solemn thanksgiving to God for that late successe given to some part of the fleet of this Common-wealth against the Spanish fleet in its return from the West Indies. /$fBy Joseph Caryl, minister of the Gospel at Magnus near London Bridge 210 $aLondon $cPrinted by M. Simmons, and are to be sould by John Hancock at the first shop in Popes-head-Alley next to Cornhill$d1657 215 $a[8], 39, [1] p 300 $aWith a preliminary order to print. 300 $aAnnotation on Thomason copy: "Jan 17". 300 $aReproduction of the original in the British Library. 330 $aeebo-0018 606 $aSermons, English$y17th century 606 $aGod$xWorship and love$vEarly works to 1800 615 0$aSermons, English 615 0$aGod$xWorship and love 700 $aCaryl$b Joseph$f1602-1673.$01003625 712 02$aEngland and Wales.$bParliament. 801 0$bCu-RivES 801 1$bCu-RivES 801 2$bCStRLIN 801 2$bCu-RivES 801 2$bWaOLN 906 $aBOOK 912 $a996391816703316 996 $aA sermon pressing to, and directing in, that great duty of praising God$92335469 997 $aUNISA